000 00685nam a2200217Ia 4500
008 191130s2000##################000#0#eng##
020 _a9780231116855
022 _a43173
040 _aACL
_cACL
082 _a362.1068 OPI
100 _aOpie, Anne
245 _aThinking teams, thinking clients : knowledge-based teamwork
_cAnne Opie
260 _aNew York
_bColumbia University Press
_cc2000
300 _aviii, 297 p. : ill. ; 24 cm
500 _aIncludes bibliographical references (p. [283]-292) and index
650 _aHealth care teams
650 _aHealth care teams - New Zealand
990 _acb0b1db5ac10000c5674525d87659b65
991 _a362041
999 _c78206
_d78206